| 000 | 00620nam a22001937a 4500 | ||
|---|---|---|---|
| 005 | 20170817112057.0 | ||
| 010 | _aENG-119854 | ||
| 020 |
_a978814564875 _c250.00 |
||
| 035 | _aEN-103386 | ||
| 037 | _bDBAD/PUB | ||
| 082 | _a262.00954 | ||
| 100 | _aDanial,Monodeep | ||
| 245 |
_aFrom people to community : _cby Monodeep Danial _bunderstanding faith and order of the Church of North India / |
||
| 260 |
_aKolkata _bISPCK _c2015 |
||
| 270 |
_a1584,1654,Madarsa Road,Kahmere Gate _bDelhi _e110006 |
||
| 300 |
_axiii,174p _c21cm.(pbk) |
||
| 500 | _aIncludes index | ||
| 942 |
_2ddc _cEN _h262.00954 _mDAN |
||
| 999 |
_c143453 _d143453 |
||